000 00620nam a22001937a 4500
003 OSt
005 20251009030546.0
008 251009b |||||||| |||| 00| 0 eng d
020 _a9786218179745
040 _aDWCL-Main lib
_cOC
082 _aFil. 641.595 M517p 2021
100 _aMelchor, Jose Antonio Miguel R.
245 _aPhilippine Regional Cuisine/
_cJose Antonio Miguel R. Melchor
260 _aManila, Philippines :
_bEDRIC Publishing House,
_cc2021.
300 _a 75 pages :
_b Illustration ;
_c26cm.
650 _a1. Cooking, Philippine
650 _a2. Food Industry
942 _2ddc
_cBK - FIL
_kFil.
_n0
999 _c4764
_d4764